[Event "XX Festival B"]
[Site "Robecchetto con Induno ITA"]
[Date "2009.12.28"]
[Round "3"]
[White "Zito, Riccardo"]
[Black "Colombo, Luca"]
[Result "1/2-1/2"]
[WhiteElo "1728"]
[BlackElo "1886"]
[PlyCount "98"]
[EventDate "2009.12.27"]

1. e4 c5 2. Nf3 d6 3. d4 cxd4 4. Nxd4 Nf6 5. Nc3 g6 6. Be3 Bg7 7. Be2 O-O 8.
Qd2 Nc6 9. O-O-O Bd7 10. f3 Rc8 11. g4 Ne5 12. h4 Qa5 13. h5 Bxg4 14. fxg4 Rxc3
15. Qxc3 Qxc3 16. bxc3 Nxe4 17. Kb2 Rc8 18. hxg6 hxg6 19. Nb5 a6 20. Na7 Rxc3
21. Bd4 Rc7 22. Rhe1 b6 23. Nc8 Rxc8 24. Bxa6 Ra8 25. Bb7 Nc4+ 26. Ka1 Nc3 27.
Bxa8 Nxd1 28. Bxg7 Kxg7 29. Rxd1 Ne3 30. Rg1 Nxc2+ 31. Kb2 Nd4 32. Re1 e5 33.
Kc3 f5 34. gxf5 gxf5 35. Kc4 Kf6 36. Kd5 Nb5 37. Kc6 Nc3 38. a3 d5 39. Kxb6 d4
40. Bf3 e4 41. Bd1 Ke5 42. a4 d3 43. a5 Nd5+ 44. Kc6 Kd4 45. Rf1 f4 46. a6 Nb4+
47. Kb5 Nxa6 48. Kxa6 Kc3 49. Rxf4 e3 1/2-1/2

[Event "XX Festival B"]
[Site "Robecchetto con Induno ITA"]
[Date "2009.12.29"]
[Round "4"]
[White "Autino, Massimiliano"]
[Black "Di Chiara, Mauro"]
[Result "0-1"]
[WhiteElo "1823"]
[BlackElo "1864"]
[PlyCount "52"]
[EventDate "2009.12.27"]

1. e4 d6 2. f4 Nf6 3. d3 g6 4. Be2 Bg7 5. Nf3 O-O 6. O-O c5 7. c3 Nc6 8. Na3
Rb8 9. Qe1 b5 10. Qh4 b4 11. Nc2 bxc3 12. bxc3 c4 13. e5 cxd3 14. Bxd3 dxe5 15.
Nxe5 Nxe5 16. fxe5 Qxd3 17. exf6 Bxf6 18. Rxf6 exf6 19. Qxf6 Qd1+ 20. Kf2 Qxc2+
21. Kg3 Bb7 22. Bf4 Qxg2+ 23. Kh4 Bc8 24. Bg3 Qh3+ 25. Kg5 Rb5+ 26. Be5 Qg4+
0-1

[Event "XX Festival B"]
[Site "Robecchetto con Induno ITA"]
[Date "2009.12.29"]
[Round "4"]
[White "Cocconcelli, Lorenzo"]
[Black "Bongiorni, Gabriele"]
[Result "0-1"]
[WhiteElo "1413"]
[BlackElo "1804"]
[PlyCount "118"]
[EventDate "2009.12.27"]

1. d4 Nf6 2. c4 e6 3. Nf3 d5 4. e3 c6 5. Nc3 Bd6 6. Be2 O-O 7. O-O Bc7 8. b3
Nbd7 9. Bb2 Re8 10. cxd5 exd5 11. Rc1 Nf8 12. h3 Qd6 13. Nb1 Bf5 14. Ba3 Qd7
15. Ne5 Bxe5 16. dxe5 Rxe5 17. Bb2 Ree8 18. Bxf6 gxf6 19. Qd4 Qe6 20. Bd3 Bxd3
21. Qxd3 Ng6 22. Nc3 Kh8 23. Rce1 Ne5 24. Qe2 Rg8 25. Kh2 Rg6 26. f4 Qd6 27.
fxe5 Qxe5+ 28. Kh1 Qxc3 29. Rf3 Rag8 30. Rg1 Rg3 31. Kh2 Qe5 32. Kh1 Rxf3 33.
gxf3 Rxg1+ 34. Kxg1 Qg3+ 35. Kf1 Qxh3+ 36. Kg1 Qg3+ 37. Kh1 h5 38. e4 dxe4 39.
Qxe4 h4 40. Qf5 Kg7 41. Qe4 h3 42. Qe2 a5 43. a3 b5 44. b4 axb4 45. axb4 h2 46.
Qg2 Qxg2+ 47. Kxg2 Kg6 48. Kxh2 Kf5 49. Kg3 Ke5 50. Kg4 f5+ 51. Kg3 f4+ 52. Kg4
f6 53. Kh5 Kd4 54. Kg6 Ke3 55. Kxf6 Kxf3 56. Ke6 Ke3 57. Kd6 Kd4 58. Kxc6 Kc4
59. Kb6 Kxb4 0-1

[Event "XX Festival B"]
[Site "Robecchetto con Induno ITA"]
[Date "2009.12.29"]
[Round "4"]
[White "Collaro, Paolo"]
[Black "Tosetto, Flavio"]
[Result "0-1"]
[WhiteElo "1643"]
[BlackElo "1647"]
[PlyCount "42"]
[EventDate "2009.12.27"]

1. e4 e5 2. Bc4 c6 3. Nf3 d5 4. exd5 cxd5 5. Bb5+ Bd7 6. Bxd7+ Nxd7 7. O-O Bd6
8. Nc3 Ngf6 9. Re1 O-O 10. d3 h6 11. h3 a6 12. Ne2 Rc8 13. Ng3 e4 14. dxe4 Bxg3
15. fxg3 dxe4 16. Nd4 Re8 17. Nf5 Qb6+ 18. Kh1 Rc6 19. c3 Ne5 20. Qc2 Nd3 21.
Rd1 Nf2+ 0-1

[Event "XX Festival B"]
[Site "Robecchetto con Induno ITA"]
[Date "2009.12.29"]
[Round "4"]
[White "Colombo, Luca"]
[Black "Cervini, Gian Piero"]
[Result "1-0"]
[WhiteElo "1886"]
[BlackElo "1765"]
[PlyCount "123"]
[EventDate "2009.12.27"]

1. e4 g6 2. Nc3 Bg7 3. d3 c5 4. g3 d6 5. Bg2 Nc6 6. Be3 Nf6 7. h3 O-O 8. Qd2
Rb8 9. Bh6 b5 10. Bxg7 Kxg7 11. Nge2 b4 12. Nd1 Bb7 13. O-O d5 14. Qe3 dxe4 15.
dxe4 Nd4 16. c3 Nc2 17. Qc1 Nxa1 18. Qxa1 Bxe4 19. Bxe4 Nxe4 20. Ne3 Qd2 21.
Nf4 bxc3 22. b3 Rfd8 23. Nc4 Qd4 24. Ne2 Qf6 25. f3 Nd2 26. Nxd2 Rxd2 27. Nxc3
Rd3 28. Ne4 Qxa1 29. Rxa1 Rxf3 30. Kg2 Rf5 31. Rd1 Re5 32. Nc3 Re3 33. Na4 Re2+
34. Kf3 Rxa2 35. Nxc5 Rc2 36. Rd5 e6 37. Re5 Kf6 38. Nd7+ Ke7 39. Nxb8 Rc3+ 40.
Re3 Rc8 41. Na6 Rc6 42. Nb4 Rd6 43. Rc3 Kf6 44. Ke4 h5 45. Rf3+ Kg7 46. Rd3 Rb6
47. Nc2 Rb7 48. Ne3 Rb4+ 49. Kf3 Kf6 50. Nc2 Rb7 51. Ke4 Kg7 52. Kd4 Rd7+ 53.
Kc3 Rc7+ 54. Kb2 Kf6 55. Re3 Rd7 56. b4 Rb7 57. Ka3 Rc7 58. Nd4 Rd7 59. Nb3 g5
60. Ka4 Kf5 61. Nc5 h4 62. Nxd7 1-0

[Event "XX Festival B"]
[Site "Robecchetto con Induno ITA"]
[Date "2009.12.29"]
[Round "4"]
[White "Costantino, Gian Franco"]
[Black "Pandini, Giuseppe"]
[Result "1-0"]
[WhiteElo "1572"]
[BlackElo "1702"]
[PlyCount "53"]
[EventDate "2009.12.27"]

1. e4 b6 2. Nf3 Bb7 3. Nc3 e6 4. d4 Nf6 5. Bd3 Be7 6. O-O O-O 7. Re1 d6 8. Bf4
Nfd7 9. e5 g6 10. Bh6 Re8 11. Ne4 Bxe4 12. Bxe4 d5 13. Bd3 c5 14. c3 Nc6 15.
Qd2 cxd4 16. cxd4 Bb4 17. Qf4 Bxe1 18. Rxe1 Ne7 19. Bg5 Qc7 20. Rc1 Qb7 21. Bf6
Nf5 22. Bxf5 Nxf6 23. exf6 Rac8 24. Re1 Qe7 25. fxe7 Rxe7 26. Bd3 Rec7 27. h4
1-0

[Event "XX Festival B"]
[Site "Robecchetto con Induno ITA"]
[Date "2009.12.29"]
[Round "4"]
[White "Crepaldi, Marco"]
[Black "Brioschi, Camillo"]
[Result "0-1"]
[WhiteElo "1871"]
[BlackElo "1823"]
[PlyCount "34"]
[EventDate "2009.12.27"]

1. e4 e5 2. Nf3 Nc6 3. Bb5 a6 4. Ba4 Nf6 5. O-O Nxe4 6. d4 b5 7. Bb3 d5 8. dxe5
Be6 9. Qe2 Be7 10. Rd1 Nc5 11. Be3 Nxb3 12. axb3 O-O 13. c4 bxc4 14. bxc4 Nb4
15. Nc3 c6 16. Nd4 Qc7 17. Nxc6 Qxc6 0-1

[Event "XX Festival B"]
[Site "Robecchetto con Induno ITA"]
[Date "2009.12.28"]
[Round "4"]
[White "Foroni, Francesco"]
[Black "Alberio, Silvio"]
[Result "0-1"]
[WhiteElo "1911"]
[BlackElo "1723"]
[PlyCount "76"]
[EventDate "2009.12.27"]

1. Nf3 Nf6 2. d4 g6 3. Nbd2 Bg7 4. e4 d6 5. c3 O-O 6. Bd3 Nbd7 7. Qc2 Re8 8.
O-O e5 9. dxe5 dxe5 10. b4 a5 11. a4 b6 12. Re1 Bb7 13. Ba3 Bf8 14. Rad1 Ba6
15. Nc4 Qc8 16. Bc1 axb4 17. Bb2 Nc5 18. cxb4 Nxd3 19. Rxd3 Bxb4 20. Red1 Bc5
21. Nfxe5 Qe6 22. R3d2 Bxc4 23. Nxc4 Nxe4 24. Re2 Rad8 25. Rxd8 Rxd8 26. Ne3 f5
27. g3 Qd6 28. Qc4+ Kf8 29. h4 Nxg3 30. Rc2 Ne4 31. h5 Bxe3 32. fxe3 Qg3+ 33.
Rg2 Rd1+ 34. Qf1 Rxf1+ 35. Kxf1 Qf3+ 36. Kg1 Qxe3+ 37. Kh1 Qh3+ 38. Kg1 Qxh5
0-1

[Event "XX Festival B"]
[Site "Robecchetto con Induno ITA"]
[Date "2009.12.28"]
[Round "4"]
[White "Macchiettini, Pierangelo"]
[Black "Clerici, Samuele"]
[Result "1/2-1/2"]
[WhiteElo "1682"]
[BlackElo "1776"]
[PlyCount "61"]
[EventDate "2009.12.27"]

1. d4 d5 2. Nf3 Nf6 3. c4 c6 4. Bg5 Nbd7 5. cxd5 Nxd5 6. e4 N5f6 7. Nc3 Qa5 8.
Bd3 e5 9. Bxf6 gxf6 10. dxe5 fxe5 11. a3 Qb6 12. Qc2 f6 13. Bc4 Nc5 14. b4 Ne6
15. Bxe6 Bxe6 16. Rd1 Rd8 17. O-O Rg8 18. Rxd8+ Qxd8 19. Nh4 Bh6 20. Rd1 Qe7
21. Nf5 Bxf5 22. exf5 Kf8 23. Ne4 Kg7 24. Rd6 Rf8 25. Qd1 Rf7 26. Nc5 Kg8 27.
Re6 Qc7 28. Re8+ Rf8 29. Ne6 Qf7 30. Rxf8+ Bxf8 31. h3 1/2-1/2

[Event "XX Festival B"]
[Site "Robecchetto con Induno ITA"]
[Date "2009.12.29"]
[Round "4"]
[White "Madaschi, Sergio"]
[Black "Spornberger, Peter"]
[Result "1-0"]
[WhiteElo "1587"]
[BlackElo "1604"]
[PlyCount "91"]
[EventDate "2009.12.27"]

1. e4 e5 2. Nf3 Nc6 3. Bb5 Nf6 4. O-O Be7 5. Re1 d6 6. h3 O-O 7. c3 a6 8. Ba4
Bd7 9. d4 b5 10. Bc2 exd4 11. cxd4 Nb4 12. Bb3 a5 13. a3 Nc6 14. e5 dxe5 15.
dxe5 Ne8 16. Nc3 b4 17. Ne4 h6 18. Be3 Qc8 19. Nc5 Bf5 20. Bd5 Bd7 21. Qb3 a4
22. Qd3 Bf5 23. Be4 Bxe4 24. Qxe4 Na5 25. axb4 Bxc5 26. Bxc5 Nb3 27. Bxf8 Nxa1
28. Rxa1 Kxf8 29. b5 f5 30. Qb4+ Kf7 31. Rxa4 Rb8 32. Qc4+ Kg6 33. Ra6+ Kh7 34.
Qc6 Qd8 35. Qg6+ Kg8 36. Qxf5 Qd5 37. Qe6+ Qxe6 38. Rxe6 Kf7 39. Rc6 Rxb5 40.
Rc2 c5 41. Kh2 Ke6 42. b3 Nc7 43. Rb2 c4 44. Nd4+ Kxe5 45. Nxb5 Nxb5 46. bxc4
1-0

[Event "XX Festival B"]
[Site "Robecchetto con Induno ITA"]
[Date "2009.12.29"]
[Round "4"]
[White "Moroni, Luca jr"]
[Black "Conta, Diego"]
[Result "1/2-1/2"]
[WhiteElo "1572"]
[BlackElo "1749"]
[PlyCount "51"]
[EventDate "2009.12.27"]

1. e4 e5 2. Nf3 Nc6 3. Bc4 Bc5 4. d3 Nf6 5. Nc3 O-O 6. Bg5 d6 7. Nd5 Bg4 8. h3
Bh5 9. g4 Bg6 10. Qe2 Na5 11. h4 Nxc4 12. dxc4 h5 13. gxh5 Bxh5 14. Rg1 Kh8 15.
Nxf6 gxf6 16. Bh6 Rg8 17. O-O-O Rg6 18. Rxg6 fxg6 19. Be3 Bxe3+ 20. Qxe3 Qd7
21. Rg1 Qf7 22. Nh2 b6 23. Ng4 Bxg4 24. Rxg4 Qh7 25. Qf3 Rf8 26. Rg3 1/2-1/2

[Event "XX Festival B"]
[Site "Robecchetto con Induno ITA"]
[Date "2009.12.29"]
[Round "4"]
[White "Pennati, Roberto"]
[Black "Mondini, Francesco"]
[Result "1-0"]
[WhiteElo "1697"]
[BlackElo "1477"]
[PlyCount "77"]
[EventDate "2009.12.27"]

1. c4 Nf6 2. g3 e5 3. Bg2 g6 4. Nc3 c5 5. d3 Bg7 6. Bd2 O-O 7. Nf3 Nc6 8. O-O
Rb8 9. Qc1 Re8 10. Ng5 h6 11. Nge4 Kh7 12. Nxc5 b6 13. N5e4 Ng8 14. Nd6 Re6 15.
Nxc8 Rxc8 16. Rb1 f5 17. f4 exf4 18. Rxf4 Nd4 19. e3 Nc6 20. b4 Ne5 21. Qc2 Qf8
22. Rbf1 d6 23. e4 Rf6 24. exf5 g5 25. Rd4 Rxf5 26. Be4 Nf3+ 27. Rxf3 Bxd4+ 28.
Kg2 Ne7 29. g4 Kg7 30. gxf5 Qf6 31. Ne2 d5 32. Nxd4 dxe4 33. Ne6+ Kh7 34. dxe4
Nc6 35. Bc3 Ne5 36. Qb2 Nxc4 37. Bxf6 Nxb2 38. Bxb2 Rc2+ 39. Rf2 1-0

[Event "XX Festival B"]
[Site "Robecchetto con Induno ITA"]
[Date "2009.12.29"]
[Round "4"]
[White "Petrone, Gianmario"]
[Black "Spornberger, Andre"]
[Result "0-1"]
[WhiteElo "1736"]
[BlackElo "1777"]
[PlyCount "48"]
[EventDate "2009.12.27"]

1. e4 d5 2. exd5 Nf6 3. d4 Nxd5 4. c4 Nb6 5. Nc3 g6 6. h3 Bg7 7. Nf3 O-O 8. Be2
Nc6 9. Be3 e5 10. dxe5 Nxe5 11. Nxe5 Bxe5 12. Qxd8 Rxd8 13. Rc1 Be6 14. b3 f5
15. Bg5 Rd7 16. O-O Kg7 17. Rfd1 Rxd1+ 18. Bxd1 h6 19. Be7 Re8 20. Bb4 Rd8 21.
Bf3 c6 22. Rd1 Rxd1+ 23. Nxd1 Nd7 24. Nc3 c5 0-1

[Event "XX Festival B"]
[Site "Robecchetto con Induno ITA"]
[Date "2009.12.29"]
[Round "4"]
[White "Puricelli, Giancarlo"]
[Black "Oteri, Aldo"]
[Result "1/2-1/2"]
[WhiteElo "1631"]
[BlackElo "1826"]
[PlyCount "106"]
[EventDate "2009.12.27"]

1. d4 Nf6 2. Nf3 g6 3. e3 Bg7 4. Bd3 O-O 5. Nbd2 d5 6. O-O b6 7. c3 Ba6 8. Bxa6
Nxa6 9. Ne5 c5 10. b4 cxb4 11. cxb4 Nxb4 12. Qa4 a5 13. Ba3 Qd6 14. Bxb4 axb4
15. Qc6 Rfc8 16. Qxd6 exd6 17. Nd3 Rc2 18. Rfd1 Raxa2 19. Rxa2 Rxa2 20. Nxb4
Ra4 21. Rb1 Ne4 22. Nxe4 dxe4 23. h3 b5 24. Nd5 Ra5 25. Nc7 Ra7 26. Nxb5 Rb7
27. Nc3 Rxb1+ 28. Nxb1 f5 29. Nc3 Kf7 30. Nb5 Ke6 31. Nc7+ Kd7 32. Nd5 Kc6 33.
Nf4 Bf6 34. Kf1 g5 35. Nh5 Be7 36. Ng3 f4 37. Nxe4 Kd5 38. Nd2 Bd8 39. Ke2 fxe3
40. fxe3 Ba5 41. Nf3 h6 42. Kd3 Bd8 43. e4+ Ke6 44. d5+ Kf6 45. Nd4 Bb6 46. Nf5
Ke5 47. Nxh6 Bc5 48. Nf7+ Kf4 49. g4 Ba3 50. Nd8 Kg3 51. Ne6 Kxh3 52. Nxg5+
Kxg4 53. Ne6 Kf3 1/2-1/2

[Event "XX Festival B"]
[Site "Robecchetto con Induno ITA"]
[Date "2009.12.29"]
[Round "4"]
[White "Revinelli, Sergio"]
[Black "Nastasi, Ivano"]
[Result "1-0"]
[WhiteElo "1850"]
[BlackElo "1722"]
[PlyCount "145"]
[EventDate "2009.12.27"]

1. e4 e5 2. Nf3 Nf6 3. d4 exd4 4. e5 Ne4 5. Qxd4 d5 6. exd6 Nxd6 7. Be2 Nc6 8.
Qd1 Be7 9. O-O Be6 10. Bf4 Bf6 11. c3 O-O 12. Nbd2 Re8 13. Re1 Qe7 14. Nb3 Red8
15. Qc2 b6 16. Bd3 g6 17. Rad1 Re8 18. Bxd6 cxd6 19. Bb5 Rec8 20. Qe4 Qc7 21.
Bxc6 Qxc6 22. Qxc6 Rxc6 23. Nbd4 Rac8 24. Nxc6 Rxc6 25. Nd4 Bxd4 26. Rxd4 b5
27. a3 a5 28. f4 d5 29. Kf2 f5 30. a4 Kf7 31. Ke3 h6 32. Ra1 Rb6 33. b4 axb4
34. Rxb4 Bd7 35. axb5 Bxb5 36. Ra5 Re6+ 37. Kd4 Bc6 38. Kc5 Bd7 39. Ra7 Ke7 40.
Rb6 Re4 41. Rxg6 Rxf4 42. Rg7+ Ke6 43. Raxd7 Rc4+ 44. Kb5 Rxc3 45. Rge7+ Kf6
46. Re2 Kg5 47. Rxd5 Rc8 48. Rf2 Rf8 49. Kc4 h5 50. Rf3 h4 51. Rd7 Rc8+ 52. Kd4
Re8 53. Rd5 Rf8 54. Rd7 Rc8 55. Rf7 Rd8+ 56. Kc5 Rc8+ 57. Kb6 Rb8+ 58. Ka7 Rb5
59. g3 Kg4 60. Rf4+ Kh5 61. Rxh4+ Kg6 62. Rb7 Ra5+ 63. Kb8 Ra2 64. Kc8 Kg5 65.
Kd8 Ra8+ 66. Ke7 Rg8 67. Kf7 Rg6 68. Rb8 Rf6+ 69. Ke7 Rg6 70. Rf8 Rg7+ 71. Rf7
Rg6 72. Rf4 Ra6 73. R7xf5+ 1-0

[Event "XX Festival B"]
[Site "Robecchetto con Induno ITA"]
[Date "2009.12.29"]
[Round "4"]
[White "Rigotti, Gianluigi"]
[Black "Astanovskaya, Yulia"]
[Result "1-0"]
[WhiteElo "1608"]
[BlackElo "1951"]
[PlyCount "99"]
[EventDate "2009.12.27"]

1. e4 d5 2. e5 c5 3. f4 Nc6 4. Nf3 Bg4 5. c3 e6 6. a3 d4 7. Bb5 Nge7 8. d3 a6
9. Bxc6+ Nxc6 10. c4 b5 11. Nbd2 Be7 12. O-O O-O 13. Qe2 Qd7 14. h3 Bh5 15. b3
f5 16. exf6 Bxf6 17. Ne4 Be7 18. Bd2 Bxf3 19. Rxf3 e5 20. Raf1 exf4 21. Bxf4
Rae8 22. Qd2 bxc4 23. bxc4 Qb7 24. Nd6 Bxd6 25. Bxd6 Rxf3 26. Rxf3 Qb1+ 27. Kh2
Qb6 28. Qf4 Qd8 29. Qf7+ Kh8 30. Qf8+ Rxf8 31. Rxf8+ Qxf8 32. Bxf8 Ne5 33. Bxc5
Nxd3 34. Bxd4 Nf4 35. c5 Nd5 36. c6 Kg8 37. Be5 Nb6 38. Kg3 Kf7 39. Kf4 g6 40.
Kg5 h5 41. c7 Nc8 42. Bf4 Ne7 43. Bd6 Nc8 44. Bc5 Kg7 45. a4 Kf7 46. h4 Kg7 47.
Kf4 Kf6 48. Ke4 Ke6 49. g3 Kf7 50. a5 1-0

[Event "XX Festival B"]
[Site "Robecchetto con Induno ITA"]
[Date "2009.12.29"]
[Round "4"]
[White "Ronconi, Fausto"]
[Black "Marchesotti, Giovanni"]
[Result "1-0"]
[WhiteElo "1778"]
[BlackElo "1617"]
[PlyCount "111"]
[EventDate "2009.12.27"]

1. d4 Nf6 2. c4 e6 3. a3 d5 4. Nc3 Be7 5. Nf3 Nbd7 6. Bg5 O-O 7. e3 Ne4 8. Bxe7
Qxe7 9. cxd5 Nxc3 10. bxc3 exd5 11. Bd3 c5 12. O-O Re8 13. Re1 c4 14. Bc2 Nf6
15. Qb1 Bd7 16. Ne5 Rab8 17. Nxd7 Qxd7 18. e4 dxe4 19. Bxe4 Nxe4 20. Rxe4 Rxe4
21. Qxe4 Re8 22. Qc2 Qe7 23. Kf1 Qe4 24. Qxe4 Rxe4 25. Rb1 Re7 26. Rb5 Rc7 27.
Rc5 Rxc5 28. dxc5 f5 29. Ke2 f4 30. Kf3 g5 31. Ke4 Kf7 32. Kd5 Ke7 33. Kxc4 Ke6
34. Kd4 h5 35. Ke4 a5 36. a4 g4 37. f3 gxf3 38. gxf3 h4 39. h3 Kd7 40. Kxf4 Kc6
41. Ke4 Kxc5 42. Kd3 b5 43. axb5 Kxb5 44. f4 a4 45. f5 a3 46. Kc2 Kc5 47. c4
Kd6 48. Kb3 a2 49. Kxa2 Ke5 50. Kb3 Kxf5 51. Kb4 Ke6 52. Kb5 Kd7 53. Kb6 Kc8
54. c5 Kb8 55. c6 Ka8 56. Kc7 1-0

[Event "XX Festival B"]
[Site "Robecchetto con Induno ITA"]
[Date "2009.12.29"]
[Round "4"]
[White "Rossi, Giampiero"]
[Black "Fortunato, Lorenzo"]
[Result "1/2-1/2"]
[WhiteElo "1936"]
[BlackElo "1841"]
[PlyCount "109"]
[EventDate "2009.12.27"]

1. e4 g6 2. c4 Bg7 3. g3 Nf6 4. Bg2 d6 5. Nc3 O-O 6. Nf3 Nbd7 7. O-O Rb8 8. h3
a6 9. d4 e5 10. Be3 Qe7 11. Qc2 exd4 12. Nxd4 c5 13. Nde2 b5 14. cxb5 axb5 15.
Rad1 b4 16. Nd5 Nxd5 17. exd5 Bb7 18. b3 Rfe8 19. Rfe1 Qf6 20. Nf4 Ne5 21. Bc1
Nd7 22. Nd3 Qc3 23. Qxc3 Bxc3 24. Rxe8+ Rxe8 25. Bb2 Bxb2 26. Nxb2 Nb6 27. Rd2
Ba6 28. Nd1 Re2 29. Rxe2 Bxe2 30. Nb2 c4 31. bxc4 Nxc4 32. Na4 Bd1 33. Bf1 Bxa4
34. Bxc4 Kf8 35. f4 Ke7 36. Kf2 h6 37. Ke3 g5 38. fxg5 hxg5 39. Kd4 f5 40. Bd3
b3 41. a3 Kf6 42. Kc3 Ke5 43. Kb4 Bd7 44. a4 f4 45. gxf4+ gxf4 46. Kxb3 Bxh3
47. a5 Kxd5 48. a6 Kc5 49. Kc3 Bg2 50. Kd2 Kb6 51. Ke2 d5 52. Kf2 Be4 53. Be2
d4 54. Bf1 Ka7 55. Be2 1/2-1/2

[Event "XX Festival B"]
[Site "Robecchetto con Induno ITA"]
[Date "2009.12.29"]
[Round "4"]
[White "Rossini, Luca"]
[Black "Gonella, Graziano"]
[Result "1-0"]
[WhiteElo "1751"]
[BlackElo "1179"]
[PlyCount "93"]
[EventDate "2009.12.27"]

1. d4 Nf6 2. c4 d5 3. Nc3 e6 4. cxd5 exd5 5. Bg5 Be6 6. e3 c6 7. Bd3 Be7 8. Qc2
g6 9. Nge2 Qd7 10. h3 Bf5 11. Bxf5 Qxf5 12. Qxf5 gxf5 13. Ng3 Rg8 14. Bxf6 Bxf6
15. Nce2 Nd7 16. O-O O-O-O 17. Nxf5 c5 18. Nd6+ Kc7 19. Nxf7 Rdf8 20. Nh6 Rg6
21. Nf5 cxd4 22. Nfxd4 Rh6 23. Ne6+ Kd6 24. Nxf8 Nxf8 25. Rab1 a5 26. b4 b6 27.
bxa5 bxa5 28. Rb5 Rh4 29. Rxa5 Bb2 30. Rb1 Rb4 31. Nf4 Bc3 32. Rxb4 Bxb4 33.
Rxd5+ Kc6 34. Rf5 Ng6 35. Nxg6 hxg6 36. Rf6+ Kd7 37. Rxg6 Ke7 38. a4 Kf7 39.
Rg4 Ba5 40. h4 Bc3 41. h5 Ke6 42. h6 Kf5 43. f3 Ke6 44. h7 Kd6 45. a5 Kc6 46.
Rc4+ Kb5 47. Rxc3 1-0

[Event "XX Festival B"]
[Site "Robecchetto con Induno ITA"]
[Date "2009.12.29"]
[Round "4"]
[White "Santarelli, Sabatino"]
[Black "Folcini, Gaddo"]
[Result "1-0"]
[WhiteElo "1658"]
[BlackElo "1513"]
[PlyCount "209"]
[EventDate "2009.12.27"]

1. e4 e5 2. Bc4 Nf6 3. d3 d5 4. exd5 Bc5 5. Bg5 O-O 6. Nf3 e4 7. dxe4 Bxf2+ 8.
Kf1 Bb6 9. Nc3 Qd6 10. Bxf6 Qxf6 11. Na4 Be3 12. Qe2 Qf4 13. Bd3 Bg4 14. Re1
Bd4 15. h3 Bxf3 16. Qxf3 Qd6 17. Ke2 Nd7 18. c3 Be5 19. Kd1 a6 20. c4 Qb4 21.
Bc2 Qxc4 22. Nc3 b5 23. Qd3 Qb4 24. Kc1 Bf4+ 25. Kb1 Nc5 26. Qf3 Be5 27. a3 Qa5
28. Na2 Qb6 29. Qe3 a5 30. Re2 b4 31. Bd1 bxa3 32. Qxa3 Rab8 33. Nc3 Nd3 34.
Ba4 Qf6 35. Rc2 Bd6 36. Qa1 Nb4 37. Re2 Nd3 38. Bb5 Rxb5 39. Nxb5 Rb8 40. Nxd6
cxd6 41. Qa3 Ne5 42. Qxa5 Nc4 43. Qa2 Qc3 44. Ka1 Qd3 45. Rhe1 Nb6 46. Re3 Qd4
47. Qb3 Ra8+ 48. Kb1 Na4 49. Rc1 Qa7 50. Rc4 Nc5 51. Rxc5 Qxc5 52. Qc3 Qb5 53.
Re1 h6 54. g4 Qa6 55. Rc1 Qa1+ 56. Kc2 Qa4+ 57. Kd3 Qb5+ 58. Ke3 Qb6+ 59. Kf3
Qd8 60. Kg3 Qg5 61. Rf1 h5 62. Qf3 h4+ 63. Kg2 f6 64. Qf4 Qg6 65. Qf5 Kh7 66.
Qxg6+ Kxg6 67. b4 Kg5 68. Rf2 Ra3 69. Rf3 Ra2+ 70. Kf1 Rb2 71. e5 fxe5 72. Rf7
Rxb4 73. Rxg7+ Kf6 74. Rh7 Kg5 75. Rh5+ Kg6 76. Rxh4 e4 77. Rh8 Kg7 78. Rd8 Rb2
79. Rxd6 e3 80. Re6 Rf2+ 81. Ke1 Rd2 82. d6 Kf8 83. g5 Kf7 84. Re7+ Kg6 85. h4
Rxd6 86. Rxe3 Rd4 87. Re6+ Kf7 88. Rf6+ Kg7 89. Rh6 Rg4 90. Kf2 Ra4 91. Kg3
Ra3+ 92. Kg4 Ra4+ 93. Kh5 Ra5 94. Rc6 Rb5 95. Rc7+ Kh8 96. Kh6 Rb6+ 97. g6 Rb8
98. h5 Kg8 99. Rf7 Rb6 100. Kg5 Rb5+ 101. Rf5 Rb8 102. h6 Kh8 103. Re5 Rc8 104.
h7 Rd8 105. Kh6 1-0

[Event "XX Festival B"]
[Site "Robecchetto con Induno ITA"]
[Date "2009.12.29"]
[Round "4"]
[White "Santelli, Francesco"]
[Black "Merlotti, Marco"]
[Result "1-0"]
[WhiteElo "1824"]
[BlackElo "1661"]
[PlyCount "41"]
[EventDate "2009.12.27"]

1. e4 c5 2. Nf3 e6 3. d4 cxd4 4. Nxd4 Nf6 5. Bd3 Qb6 6. Nb3 d6 7. Be3 Qc7 8.
O-O Be7 9. Nc3 a6 10. f4 Nbd7 11. Qe2 b5 12. a3 Bb7 13. Rad1 Nc5 14. Bd4 e5 15.
fxe5 dxe5 16. Bxc5 Bxc5+ 17. Kh1 Be7 18. Nd5 Nxd5 19. exd5 Bxd5 20. Bxb5+ Bc6
21. Qf3 1-0

[Event "XX Festival B"]
[Site "Robecchetto con Induno ITA"]
[Date "2009.12.29"]
[Round "4"]
[White "Tamassia, Gabriele"]
[Black "Motola, Jacopo"]
[Result "1/2-1/2"]
[WhiteElo "1773"]
[BlackElo "1455"]
[PlyCount "95"]
[EventDate "2009.12.27"]

1. d4 Nf6 2. Bf4 d6 3. e3 Nc6 4. Nf3 Bf5 5. c3 e6 6. h3 d5 7. Bb5 Nd7 8. O-O a6
9. Bxc6 bxc6 10. Qa4 c5 11. Qc6 Ra7 12. Nbd2 c4 13. Ne5 Bd6 14. Ndf3 f6 15.
Nxd7 Qxd7 16. Qxd7+ Kxd7 17. Bxd6 Kxd6 18. b4 Rb8 19. a4 a5 20. b5 Rab7 21. Nd2
c6 22. e4 Bxe4 23. Nxe4+ dxe4 24. bxc6 Kxc6 25. f3 Rb3 26. fxe4 Rxc3 27. Rfc1
Rxc1+ 28. Rxc1 Rb4 29. Kf2 Rxa4 30. h4 Kb5 31. Rd1 Kc6 32. Kf3 c3 33. Rc1 Rc4
34. Ke2 c2 35. Kd3 Kb5 36. d5 exd5 37. exd5 Kc5 38. d6 Rd4+ 39. Ke3 Rxd6 40.
Rxc2+ Kb4 41. Rc7 a4 42. Rxg7 Ra6 43. Rxh7 a3 44. Rb7+ Kc5 45. Rb1 a2 46. Ra1
Kd5 47. Kd3 f5 48. h5 1/2-1/2

[Event "XX Festival B"]
[Site "Robecchetto con Induno ITA"]
[Date "2009.12.29"]
[Round "4"]
[White "Testa, Loris"]
[Black "Zito, Riccardo"]
[Result "1/2-1/2"]
[WhiteElo "1841"]
[BlackElo "1728"]
[PlyCount "57"]
[EventDate "2009.12.27"]

1. e4 e6 2. d4 d5 3. exd5 exd5 4. Nf3 Bg4 5. Nc3 c6 6. h3 Bh5 7. g4 Bg6 8. Ne5
Nd7 9. Bf4 Nxe5 10. dxe5 Qb6 11. Bd3 Qxb2 12. Ne2 Bxd3 13. cxd3 Bb4+ 14. Kf1
Ne7 15. Rb1 Qa3 16. Bc1 Qa5 17. a3 Bc5 18. Rxb7 Qa6 19. Rb1 Bb6 20. f4 g6 21.
Bb2 c5 22. Rc1 d4 23. Ng3 Nd5 24. Qf3 Ne3+ 25. Ke2 O-O 26. Nf1 Nxf1 27. Rhxf1
Qb5 28. Rb1 Qb3 29. Rfc1 1/2-1/2

[Event "XX Festival B"]
[Site "Robecchetto con Induno ITA"]
[Date "2009.12.29"]
[Round "4"]
[White "Torretta, Gilberto"]
[Black "Bencivenga, Antonio"]
[Result "1-0"]
[WhiteElo "1683"]
[BlackElo "1353"]
[PlyCount "120"]
[EventDate "2009.12.27"]

1. e4 e6 2. d3 d5 3. Nd2 Ne7 4. g3 Ng6 5. Bg2 c6 6. Ne2 Be7 7. O-O O-O 8. c3 c5
9. f4 Nc6 10. e5 d4 11. Ne4 Rb8 12. Qc2 Kh8 13. Bd2 f6 14. exf6 gxf6 15. Rae1
f5 16. Nf2 Bf6 17. Nh3 e5 18. fxe5 Ncxe5 19. Nef4 b6 20. c4 Qd7 21. Nd5 Bg7 22.
Nhf4 Bb7 23. Nh5 Bxd5 24. Bxd5 f4 25. Nxf4 Ne7 26. Be4 Rf6 27. Nh5 Rxf1+ 28.
Rxf1 Qg4 29. Nxg7 Qxg7 30. Bf4 Rf8 31. Qf2 N7g6 32. Qd2 Nxf4 33. Rxf4 Rxf4 34.
Qxf4 Ng4 35. Qb8+ Qg8 36. Qxa7 Nf6 37. Bf5 Qe8 38. Kf1 Qe3 39. Qb8+ Kg7 40.
Qc7+ Kh6 41. Qf4+ Qxf4+ 42. gxf4 Kh5 43. Kf2 Ng4+ 44. Kg3 Nf6 45. h3 Kh6 46.
Bg4 Kg7 47. f5 h6 48. Kf4 Ne8 49. Ke5 Nf6 50. Kd6 h5 51. Bf3 Ne8+ 52. Kc6 Kf6
53. Bxh5 Ng7 54. Bg6 Ke5 55. Kxb6 Kf4 56. Kxc5 Ke3 57. f6 Ne6+ 58. Kb6 Ng5 59.
c5 Nf7 60. Bxf7 Kxd3 1-0

[Event "XX Festival B"]
[Site "Robecchetto con Induno ITA"]
[Date "2009.12.29"]
[Round "4"]
[White "Tortolini, Francesco"]
[Black "Giunto, Andrea"]
[Result "1/2-1/2"]
[WhiteElo "1905"]
[BlackElo "1934"]
[PlyCount "34"]
[EventDate "2009.12.27"]

1. e4 c5 2. Nf3 d6 3. d4 cxd4 4. Nxd4 Nf6 5. Nc3 g6 6. Be3 Bg7 7. f3 O-O 8. Qd2
Nc6 9. O-O-O d5 10. Nxc6 bxc6 11. exd5 cxd5 12. Nxd5 Nxd5 13. Qxd5 Qb6 14. Qc5
Qb7 15. Qb5 Qc7 16. Qc5 Qb7 17. Qb5 Qc7 1/2-1/2